| 000 | 00487 a2200169 4500 | ||
|---|---|---|---|
| 003 | NUST | ||
| 005 | 20251021124104.0 | ||
| 040 | _cNust | ||
| 082 | _a621.382,MEH | ||
| 100 |
_aMehmood, Capt Tanveer, ( TCC-13) _9131328 |
||
| 245 |
_aDesign and implication of campus pager system / _cCapt Tanveer Mehmood, LT Muhammad Ali , Capt Tariq Mehmood |
||
| 260 |
_aRawalpindi _bMCS _c2005 |
||
| 300 | _a65, p; | ||
| 650 |
_aUG Projects _998716 |
||
| 651 |
_aTCC-13 _9126050 |
||
| 942 |
_cPR _2ddc |
||
| 999 |
_c188636 _d188636 |
||